000 02311cam a2200313 4500500
005 20260329014939.0
041 _afre
042 _adc
100 1 0 _aRhattat, Rachid
_eauthor
700 1 0 _aDocq, Sébastien
_eauthor
245 0 0 _aLes sociétés à mission : une approche par les risques
260 _c2026.
500 _a91
520 _aCet article traite de la question des risques dans le cadre de l’adoption de la qualité à mission par une entreprise. Outre les risques juridiques existants et potentiels associés aux enjeux en termes de responsabilité, le risque réputationnel peut venir affecter durablement l’image de l’entreprise. À travers une étude de cas multiple, nous démontrons qu’une approche pro-active et pluridisciplinaire est plus que jamais nécessaire afin de prévenir et réduire la survenance du risque.
520 _aThis article deals with the risks faced by a company wishing to become a mission-driven company. In addition to the existing and potential legal risks associated with liability issues, reputational risk can have a lasting impact on a company’s image. Through a multiple case study, we demonstrate that a pro-active and multidisciplinary approach is more necessary than ever to prevent and reduce the occurrence of risk.
520 _aEste artículo aborda la cuestión de los riesgos en el contexto de la adopción de la calidad de empresa con misión. Además de los riesgos jurídicos existentes y potenciales asociados a los desafíos en términos de responsabilidad, el riesgo reputacional puede afectar de manera duradera la imagen de la empresa. A través de un estudio de casos múltiples, demostramos que un enfoque proactivo y multidisciplinario es más necesario que nunca para prevenir y reducir la ocurrencia del riesgo.
690 _aDroit
690 _aRéputation
690 _aResponsabilité
690 _aRisque
690 _aSociété à mission
690 _aLaw
690 _aMission-driven company
690 _aReputation
690 _aResponsibility
690 _aRisk
786 0 _nVie & sciences de l'entreprise | 226-227 | 3-4 | 2026-02-03 | p. 172-188 | 2262-5321
856 4 1 _uhttps://shs.cairn.info/revue-vie-sciences-de-lentreprise-2025-3-4-page-172?lang=fr&redirect-ssocas=7080
999 _c1893280
_d1893280